000
00330nam a22001457a 4500
008
230321b ||||| |||| 00| 0 eng d
020
_a
0205452388
041
_a
eng
080
_a
159.9
082
_a
159.9DUG
100
_a
25
101
_a
PSI
245
_a
CAREER INTERVENTIONS AND TECHNIQUES
_c
DUGGAN .H.M
942
_2
udc
_c
BK
999
_c
59406
_d
59406